header

Mothers and medicine (Record no. 14427)

MARC details
000 -LEADER
fixed length control field 02069nam a2200457Ia 4500
082 04 - DEWEY DECIMAL CLASSIFICATION NUMBER
Classification number 362.1/9892
100 1# - MAIN ENTRY--AUTHOR NAME
Personal name Apple, Rima D.
245 10 - TITLE STATEMENT
Title Mothers and medicine
260 ## - PUBLICATION, DISTRIBUTION, ETC. (IMPRINT)
Place of publication Madison, Wis. :
Name of publisher University of Wisconsin Press,
Year of publication 1987.
300 ## - PHYSICAL DESCRIPTION
Number of Pages xv, 261 p. :
Other physical details ill.
490 1# - SERIES STATEMENT
Series statement Wisconsin publications in the history of science and medicine ;
500 ## - GENERAL NOTE
General note Includes index.
650 #0 - SUBJECT ADDED ENTRY--TOPICAL TERM
Topical Term Breastfeeding
Topical Term Breastfeeding
Topical Term Infants
Topical Term Infants
Topical Term Mothers
Topical Term Mothers
Topical Term Physician and patient
Topical Term Physician and patient
Topical Term Physicians
Topical Term Physicians
856 40 - ELECTRONIC LOCATION AND ACCESS
Uniform Resource Identifier http://site.ebrary.com/lib/rucke/Doc?id=10256037

No items available.

© 2026 Rongo University
Contact us: librarian | system librarian | Rongo university